Железнодорожные станции и узлы. Ч. 1: Соединения путей, стрелочные улицы (Запись № 135451)

Подробности
000 -МАРКЕР
контрольное поле 01636nam2a2200325 4500
001 - ИДЕНТИФИКАТОР ЗАПИСИ
контрольное поле RU\NLR\bibl\28396
005 - ИДЕНТИФИКАТОР ВЕРСИИ
контрольное поле 20260408191150.0
021 ## - НОМЕР ГОСУДАРСТВЕННОЙ РЕГИСТРАЦИИ
Код страны Российская Федерация
Номер 98-50474
Номер Листа государственной регистраци 2168
035 ## - ДРУГИЕ СИСТЕМНЫЕ НОМЕРА
Идентификатор записи (NLR Aleph) 000027659
100 ## - ДАННЫЕ ОБЩЕЙ ОБРАБОТКИ
Данные общей обработки 19990519d1997 u y0rusy50 ca
101 0# - ЯЗЫК РЕСУРСА
Язык текста, звукозаписи и т.д. русский
102 ## - СТРАНА ПУБЛИКАЦИИ ИЛИ ПРОИЗВОДСТВА
Страна публикации Российская Федерация
105 ## - ПОЛЕ КОДИРОВАННЫХ ДАННЫХ: ТЕКСТОВЫЕ МАТЕРИАЛЫ, МОНОГРАФИЧЕСКИЕ
Кодированные данные о монографическом текстовом документе y |||||||||
200 1# - ЗАГЛАВИЕ И СВЕДЕНИЯ ОБ ОТВЕТСТВЕННОСТИ
Основное заглавие Соединения путей, стрелочные улицы
210 ## - ПУБЛИКАЦИЯ, РАСПРОСТРАНЕНИЕ И ДР.
Дата издания, распространения и т.д. 1997
215 ## - ФИЗИЧЕСКАЯ ХАРАКТЕРИСТИКА
Специфическое обозначение материала и объем 35 с.
Другие сведения о физической характеристике ил.
320 ## - ПРИМЕЧАНИЯ О НАЛИЧИИ В ДОКУМЕНТЕ БИБЛИОГРАФИИ / УКАЗАТЕЛЯ
Текст примечания Библиогр.: с. 35
461 #0 - УРОВЕНЬ НАБОРА
Встроенное поле 001RU\NLR\bibl\29346
-- 2001#$aЖелезнодорожные станции и узлы$vЧ. 1
Системный номер (АБИС) связанной записи 140880
Место публикации М.
Дата публикации 1997
Первые сведения об ответственности М-во путей сообщ. Рос. Федерации, Моск. гос. ун-т путей сообщ. (МИИТ). Каф. "Ж.-д. станции и узлы"
Имя издателя, распространителя и т.д. МИИТ
Сведения, относящиеся к заглавию Сб. задач
Заглавие Железнодорожные станции и узлы
Номер тома Ч. 1
606 0# - НАИМЕНОВАНИЕ ТЕМЫ КАК ПРЕДМЕТ
Наименование темы Железнодорожный путь на станциях
Формальный подзаголовок Задачники
Тематический подзаголовок Соединения
Системный номер авторитетной/нормативной записи 1035129
Идентификатор авторитетной/нормативной записи RU\NLR\auth\66397685
606 0# - НАИМЕНОВАНИЕ ТЕМЫ КАК ПРЕДМЕТ
Наименование темы Железнодорожные стрелочные улицы
Формальный подзаголовок Задачники
Системный номер авторитетной/нормативной записи 1034190
Идентификатор авторитетной/нормативной записи RU\NLR\auth\66397181
606 ## - НАИМЕНОВАНИЕ ТЕМЫ КАК ПРЕДМЕТ
Наименование темы Станционные пути (ж.-д.)
Тематический подзаголовок Соединения
Формальный подзаголовок Задачники
Идентификатор авторитетной/нормативной записи RU\NLR\auth\661264521
Системный номер авторитетной/нормативной записи 2088864
606 ## - НАИМЕНОВАНИЕ ТЕМЫ КАК ПРЕДМЕТ
Наименование темы Стрелочные улицы (ж.-д.)
Формальный подзаголовок Задачники
Идентификатор авторитетной/нормативной записи RU\NLR\auth\661264524
Системный номер авторитетной/нормативной записи 2088870
686 ## - ИНДЕКСЫ ДРУГИХ КЛАССИФИКАЦИЙ
Индекс О211.13-045.08я73-4
801 #0 - ИСТОЧНИК ЗАПИСИ
Страна Российская Федерация
Организация NLR
Дата составления 19990519
Правила каталогизации PSBO
801 #1 - ИСТОЧНИК ЗАПИСИ
Страна Российская Федерация
Организация NLR
Дата составления 19990519
852 ## - МЕСТОНАХОЖДЕНИЕ И ШИФР ХРАНЕНИЯ
Идентификатор организации NLR
Шифр хранения (Call Number) 99-4/2195
942 ## - ДОПОЛНИТЕЛЬНЫЕ ЭЛЕМЕНТЫ ЗАПИСИ (АБИС)
Тип экземпляра АБИС Книга
980 ## - КОЛЛЕКЦИЯ
Название коллекции Национальная библиография
Экземпляры
Тип экземпляра Дата поступления Библиотека постоянного хранения Библиотека текущего хранения Место хранения Шифр хранения Штрих-код Статус экземпляра
Книга 26.10.2013 РНБ (Московский) РНБ (Московский) Русский книжный фонд: издания с 1957 года 99-4/2195 27659-10